000 00726nam a2200181Ia 4500
008 100920s9999 xx 000 0 und d
082 _b1000
_a930 थ 51
100 _aजोशी शंकर नारायण.
245 _aसेनापती दाभाडे दफ्तर भाग-1.
260 _bचिटणीस भारत इतिहास संशोधक मंडळ पुणे.
_c1951
300 _a99
_bसाधी
365 _b3
520 _aइतिहास.
630 _aसेनापती दाभाडे दफ्तर भाग-1.
650 _aइतिहास.
730 _aसेनापती दाभाडे दफ्तर भाग-1.
942 _cBOOK
999 _c671914
_d671911